000 00348nam a2200145 a 4500
008 970116s1967||||xx 0 und c
040 _aSNK
_bslo
_cSNK
_eAACR2
100 1 _aFlaubert, Gustave
245 1 0 _aPokušenie svätého Antona
260 _aBratislava
_bTatran
_c1967
300 _a257s.
020 _c13
044 _axo
_cSK
041 _aslo
999 _c10727
_d10727